[Event "Wch U20 53rd"]
[Site "Pune"]
[Date "2014.10.07"]
[Round "2"]
[White "Praneeth, Surya K"]
[Black "Grover, Sahaj"]
[Result "0-1"]
[WhiteElo "2251"]
[BlackElo "2491"]
[PlyCount "148"]
[EventDate "2014.10.06"]
[EventType "swiss"]
[EventRounds "13"]
[EventCountry "IND"]
[SourceTitle "EXT 2015"]
[Source "ChessBase"]
[SourceDate "2014.11.20"]
[SourceVersion "1"]
[SourceVersionDate "2014.11.20"]
[SourceQuality "1"]

1. e4 e5 2. Nf3 Nc6 3. Bb5 a6 4. Ba4 Nge7 5. 0-0 g6 6. c3 Bg7 7. d4 exd4 8. cxd4 b5 9. Bc2 d5 10. exd5 Nxd5 11. Bg5 Qd6 12. Nbd2 0-0 13. Ne4 Qb4 14. Bb3 Be6 15. a3 Qa5 16. Nc5 Qb6 17. Re1 Na5 18. Nxe6 fxe6 19. Ba2 Qd6 20. Qe2 Rae8 21. Ne5 Nb7 22. b4 Nc3 23. Qe3 Nxa2 24. Rxa2 a5 25. Qc3 Rf5 26. Bh4 Qd5 27. Raa1 c5 28. bxc5 Nxc5 29. Qxc5 Qxc5 30. dxc5 Bxe5 31. Rac1 Bb2 32. Rc2 Bxa3 33. c6 Rd5 34. c7 Rc8 35. Kf1 Kf7 36. Bg3 Bd6 37. Bxd6 Rxd6 38. Re5 Rb6 39. Rec5 b4 40. Rxa5 b3 41. Rb2 Rxc7 42. Ra3 Rcb7 43. Ke2 Kf6 44. Kd3 e5 45. Kc3 Rc6+ 46. Kd3 Rd6+ 47. Kc4 Rd4+ 48. Kc3 Rc7+ 49. Kxb3 Rb7+ 50. Ka2 Rxb2+ 51. Kxb2 Rd2+ 52. Kc1 Rxf2 53. Rg3 Kf5 54. Kd1 e4 55. Ke1 Ra2 56. Kf1 Kf4 57. Rh3 h5 58. Rb3 g5 59. Rb8 Rd2 60. Rb3 h4 61. Ra3 Rc2 62. Rb3 Ke5 63. Rb5+ Kd4 64. h3 Kd3 65. Rxg5 Rc1+ 66. Kf2 e3+ 67. Kf3 Rf1+ 68. Kg4 e2 69. Re5 e1Q 70. Rxe1 Rxe1 71. Kxh4 Re5 72. g4 Ke4 73. g5 Kf5 74. Kh5 Re8 0-1

[Event "IND-chB 51st"]
[Site "Bhopal"]
[Date "2013.10.21"]
[Round "12"]
[White "Praneeth, Surya K"]
[Black "Sangma, Rahul"]
[Result "1-0"]
[WhiteElo "2210"]
[BlackElo "2394"]
[PlyCount "76"]
[EventDate "2013.10.12"]
[EventType "swiss"]
[EventRounds "13"]
[EventCountry "IND"]
[SourceTitle "EXT 2014"]
[Source "ChessBase"]
[SourceDate "2013.11.20"]
[SourceVersion "1"]
[SourceVersionDate "2013.11.20"]
[SourceQuality "1"]

1. e4 e5 2. Nf3 Nc6 3. Bc4 Bc5 4. c3 Nf6 5. d3 a6 6. Bb3 Ba7 7. h3 d6 8. Nbd2 0-0 9. Nf1 d5 10. Qe2 Be6 11. Bc2 h6 12. Ng3 b5 13. Nh4 d4 14. 0-0 Ne7 15. Qf3 Ng6 16. Nhf5 Re8 17. cxd4 exd4 18. Qd1 c5 19. f4 Bxf5 20. Nxf5 c4 21. Ng3 Nd7 22. b4 Ne7 23. Nh5 f5 24. exf5 Nxf5 25. Qg4 Rf8 26. Kh2 Qh4 27. dxc4 Qxg4 28. hxg4 Ne3 29. Bxe3 dxe3 30. c5 Rae8 31. Rae1 Nb8 32. Rf3 Nc6 33. Rexe3 Rxe3 34. Rxe3 Nxb4 35. Re7 Bxc5 36. Rxg7+ Kh8 37. Bf5 a5 38. Rg6 Rd8 1-0